MARC details
| 000 -CABECERA |
| campo de control de longitud fija |
02395nam a2200313 a 4500 |
| 003 - IDENTIFICADOR DEL NÚMERO DE CONTROL |
| campo de control |
OSt |
| 005 - FECHA Y HORA DE LA ÚLTIMA TRANSACCIÓN |
| campo de control |
20260210105413.0 |
| 007 - CAMPO FIJO DE DESCRIPCIÓN FÍSICA--INFORMACIÓN GENERAL |
| campo de control de longitud fija |
cr ||||||a|c|a |
| 008 - DATOS DE LONGITUD FIJA--INFORMACIÓN GENERAL |
| campo de control de longitud fija |
231205s2019 mx a|||fom||| 001 0 spa d |
| 040 ## - FUENTE DE LA CATALOGACIÓN |
| Normas de descripción |
rda |
| 100 1# - ENTRADA PRINCIPAL--NOMBRE DE PERSONA |
| 9 (RLIN) |
188404 |
| Nombre de persona |
Parra Robles, Brenda Estefania |
| 245 10 - MENCIÓN DE TÍTULO |
| Título |
Identificación y patogenecidad de Pestalotiopsis sp. asociado a manchas foliares de fresa en Michoacán / |
| Mención de responsabilidad, etc. |
por Brenda Estefania Parra Robles : director de tesis Ángel Rebollar Alviter. |
| 264 #1 - PRODUCCIÓN, PUBLICACIÓN, DISTRIBUCIÓN, FABRICACIÓN Y COPYRIGHT |
| Producción, publicación, distribución, fabricación y copyright |
Chapingo, México : |
| Nombre del de productor, editor, distribuidor, fabricante |
El autor, |
| Fecha de producción, publicación, distribución, fabricación o copyright |
2019. |
| 300 ## - DESCRIPCIÓN FÍSICA |
| Extensión |
1 recurso en línea (52 páginas): |
| Otras características físicas |
figuras, cuadros. |
| 336 ## - TIPO DE CONTENIDO |
| Fuente |
rdacontent |
| Término de tipo de contenido |
texto |
| Código de tipo de contenido |
txt |
| 337 ## - TIPO DE MEDIO |
| Fuente |
rdamedia |
| Nombre/término del tipo de medio |
computadora |
| Código del tipo de medio |
c |
| 338 ## - TIPO DE SOPORTE |
| Fuente |
rdacarrier |
| Nombre/término del tipo de soporte |
recurso en línea |
| Código del tipo de soporte |
cr |
| 502 ## - NOTA DE TESIS |
| Tipo de título |
Ingeniero Agrónomo Especialista en Parasitología Agrícola |
| Nombre de la institución que otorga el título |
Departamento de Enseñanza, Investigación y Servicio en Parasitología Agrícola, |
| Año de obtención del título |
2019. |
| Información miscelánea |
Licenciatura |
| 504 ## - NOTA DE BIBLIOGRAFÍA, ETC. |
| Nota de bibliografía, etc. |
Incluye referencias bibliográficas: páginas 40-42. |
| 520 ## - SUMARIO, ETC. |
| Sumario, etc. |
La finalidad de este trabajo fue determinar la patogenicidad de aislamientos de Pestalotiopsis sp. asociado a manchas foliares, tizones y síntomas de marchitez en fresa y arándano en el valle de Zamora, Michoacán. La identificación se realizó en base a las características morfológicas y moleculares. El hongo se identificó como Neopestalotiopsis clavispora para los aislados FREHP, FRCM5, ALR11 y ALR25. Se realizaron pruebas de patogenicidad en maceta y cámara húmeda para el aislamiento FREHP proveniente de manchas foliares en hojas de fresa, así como pruebas de patogenicidad cruzada en arándano. Como último objetivo se evaluaron in vitro ocho fungicidas (Azoxystrobin+ Sham, Fluxapyroxad + piraclostrobina, Boscalid+ pyraclostrobin, Captan, Iprodiona, Cyprodinil + Fludioxonil, Procloraz, Difenoconazol) y un testigo y se tomó como parámetro la inhibición del crecimiento micelial de los hongos. Los fungicidas que tuvieron una inhibición del 100% sobre el crecimiento de N clavispora fueron Difeconazol, Procloraz, Cuprodinil+Fluloxonil, Iprodiona. |
| 650 #4 - PUNTO DE ACCESO ADICIONAL DE MATERIA--TÉRMINO DE MATERIA |
| 9 (RLIN) |
43203 |
| Término de materia o nombre geográfico como elemento de entrada |
Fresa |
| Subdivisión general |
Enfermedades por hongos |
| 650 #4 - PUNTO DE ACCESO ADICIONAL DE MATERIA--TÉRMINO DE MATERIA |
| 9 (RLIN) |
7293 |
| Término de materia o nombre geográfico como elemento de entrada |
Arándano |
| Subdivisión general |
Enfermedades |
| 650 #4 - PUNTO DE ACCESO ADICIONAL DE MATERIA--TÉRMINO DE MATERIA |
| 9 (RLIN) |
188405 |
| Término de materia o nombre geográfico como elemento de entrada |
Mancha foliar de la fresa |
| 650 #4 - PUNTO DE ACCESO ADICIONAL DE MATERIA--TÉRMINO DE MATERIA |
| 9 (RLIN) |
134545 |
| Término de materia o nombre geográfico como elemento de entrada |
Mancha foliar del arándano |
| 650 #4 - PUNTO DE ACCESO ADICIONAL DE MATERIA--TÉRMINO DE MATERIA |
| 9 (RLIN) |
44045 |
| Término de materia o nombre geográfico como elemento de entrada |
Fungicidas |
| Subdivisión general |
Análisis |
| 700 1# - PUNTO DE ACCESO ADICIONAL--NOMBRE DE PERSONA |
| 9 (RLIN) |
94950 |
| Nombre de persona |
Rebollar Alviter, Angel |
| Término indicativo de función/relación |
Director de tesis. |
| 856 ## - LOCALIZACIÓN Y ACCESO ELECTRÓNICOS |
| Identificador Uniforme del Recurso |
http://10.13.5.2/tesis/tl/Parra_Robles_Brenda_Estefania.pdf |
| Nota pública |
DESCARGAR PDF |
| 942 ## - ELEMENTOS DE PUNTO DE ACCESO ADICIONAL (KOHA) |
| Fuente del sistema de clasificación o colocación |
Clasificación Universidad Autónoma Chapingo |
| Tipo de ítem Koha |
Tesis digital |